[Event "AUTO-OPEN-2878"]
[Site "http://www.queenalice.com/game.php?id=1284535"]
[Date "2014.5.28"]
[Round "3"]
[White "toinhoxdz"]
[Black "jartuga99"]
[Result "0-1"]
[WhiteElo "2230"]
[BlackElo "2105"]

1. Nf3 Nf6 2. b3 g6 3. Bb2 Bg7 4. g3 O-O 5. Bg2 d5 6. O-O c6 7. d3 Bf5 8. Nbd2
Nbd7 9. Re1 Re8 10. e4 dxe4 11. dxe4 Bg4 12. h3 Be6 13. e5 Nd5 0-1

[Event "AUTO-OPEN-2878"]
[Site "http://www.queenalice.com/game.php?id=1284536"]
[Date "2014.5.28"]
[Round "3"]
[White "jartuga99"]
[Black "toinhoxdz"]
[Result "1-0"]
[WhiteElo "2084"]
[BlackElo "2247"]

1. e4 c5 2. Bc4 Nc6 3. d3 g6 4. c3 Bg7 5. Be3 e6 6. Nf3 b6 7. Na3 Nf6 8. e5 Ng4
9. d4 Nxe3 10. fxe3 Na5 11. Bd3 O-O 12. O-O Bb7 13. e4 d6 14. b4 1-0

[Event "AUTO-MASTER-2146"]
[Site "http://www.queenalice.com/game.php?id=1304672"]
[Date "2014.8.28"]
[Round "1"]
[White "Modaste"]
[Black "toinhoxdz"]
[Result "0-1"]
[WhiteElo "2185"]
[BlackElo "2204"]

1. c4 Nf6 2. d4 b6 3. Nf3 Bb7 4. Nc3 e6 5. Bg5 Be7 6. e3 c5 7. dxc5 Bxc5 8. Nb5
Bb4+ 9. Nd2 a6 10. Bxf6 gxf6 11. Nd4 Nc6 12. Nc2 Be7 13. Be2 Rg8 14. O-O Ne5 15.
f3 f5 16. Nd4 Bh4 17. Kh1 Qg5 18. Rg1 Bf2 19. Nc2 Qh4 20. Rf1 Ng4 21. fxg4 Bg3
22. h3 Qxh3+ 0-1

[Event "AUTO-MASTER-2146"]
[Site "http://www.queenalice.com/game.php?id=1304673"]
[Date "2014.8.28"]
[Round "1"]
[White "toinhoxdz"]
[Black "Modaste"]
[Result "1-0"]
[WhiteElo "2192"]
[BlackElo "2202"]

1. Nf3 Nf6 2. c4 g6 3. d4 Bg7 4. Nc3 O-O 5. e4 d6 6. h3 Nbd7 7. Qc2 e5 8. dxe5
dxe5 9. Be3 b6 10. Rd1 Qe7 11. Nd5 Qd8 12. Be2 Bb7 13. O-O Re8 14. Nxf6+ Bxf6
15. c5 c6 16. Bc4 Qc7 17. Rd6 Be7 18. Bxf7+ Kxf7 19. Rxd7 Qc8 20. Qc4+ Kg7 21.
Ng5 1-0

[Event "AUTO-MASTER-2146"]
[Site "http://www.queenalice.com/game.php?id=1304684"]
[Date "2014.8.28"]
[Round "1"]
[White "Pistolero"]
[Black "toinhoxdz"]
[Result "0-1"]
[WhiteElo "2172"]
[BlackElo "2231"]

1. e4 c6 2. d4 d5 3. Nc3 dxe4 4. Nxe4 Bf5 5. Ng3 Bg6 6. Nf3 e6 7. Ne5 Nd7 8.
Nxg6 hxg6 9. Bd3 c5 10. dxc5 Qa5+ 11. Bd2 Qxc5 12. O-O Bd6 13. b4 Qc7 14. c4
Ngf6 15. Rc1 O-O 16. f4 Bxb4 17. Bxb4 Qb6+ 18. Kh1 Qxb4 19. Rb1 Qa3 20. Rxb7 Nc5
21. Rb3 Nxb3 22. axb3 Rfd8 23. Qc2 Rab8 24. Rb1 Ng4 25. Ne4 f5 26. Ng5 Rxd3 0-1

[Event "AUTO-MASTER-2146"]
[Site "http://www.queenalice.com/game.php?id=1304685"]
[Date "2014.8.28"]
[Round "1"]
[White "toinhoxdz"]
[Black "Pistolero"]
[Result "1-0"]
[WhiteElo "2241"]
[BlackElo "2162"]

1. Nf3 Nf6 2. c4 e6 3. d4 c5 4. d5 exd5 5. cxd5 d6 6. e4 g6 7. Nc3 Bg7 8. h3 O-O
9. Bd3 Re8 10. O-O Na6 11. Re1 Nc7 12. a4 Bd7 13. Bf4 Bf8 14. Qb3 Rb8 15. e5 Nh5
16. exd6 Nxf4 17. dxc7 Qxc7 18. Ne4 Nxd3 19. Nf6+ Kg7 20. Nxe8+ Rxe8 21. Rxe8
Bxe8 22. Qxd3 a6 23. Qc3+ Kg8 24. Qe3 Qb8 25. Ne5 Bg7 26. Nc4 b5 27. Re1 Bd7 28.
Ne5 1-0

[Event "AUTO-MASTER-2146"]
[Site "http://www.queenalice.com/game.php?id=1304692"]
[Date "2014.8.28"]
[Round "1"]
[White "toinhoxdz"]
[Black "Guilherme_Ottoni"]
[Result "1-0"]
[WhiteElo "2223"]
[BlackElo "2089"]

1. Nf3 d5 2. c4 d4 3. b3 f6 4. Bb2 e5 5. e3 dxe3 6. dxe3 Qxd1+ 7. Kxd1 Bg4 8. h3
Bh5 9. Nc3 Nc6 10. g4 Bg6 11. Ke2 O-O-O 12. Rd1 Bb4 13. Bg2 Nge7 14. Nh4 Bf7 15.
Ne4 h5 16. Rxd8+ Rxd8 17. Bc1 Ng6 18. Nf5 hxg4 19. hxg4 Be6 20. Nxg7 Bxg4+ 21.
f3 Bd7 22. Nxf6 Nge7 23. Nxd7 Kxd7 24. Bh3+ Kd6 25. a3 Rg8 26. Rd1+ Kc5 27. Ne6+
Kb6 28. axb4 Nxb4 29. Ba3 Nec6 30. Kf2 Rg6 31. Rd7 Rh6 32. c5+ 1-0

[Event "AUTO-MASTER-2146"]
[Site "http://www.queenalice.com/game.php?id=1304693"]
[Date "2014.8.28"]
[Round "1"]
[White "Guilherme_Ottoni"]
[Black "toinhoxdz"]
[Result "0-1"]
[WhiteElo "2081"]
[BlackElo "2215"]

1. d4 Nf6 2. c4 b6 3. f3 Nc6 4. Nc3 e5 5. d5 Na5 6. e4 Bb4 7. Bd2 Bc5 8. a3 Nb7
9. b4 Be7 10. Bd3 a5 11. Nge2 axb4 12. axb4 Rxa1 13. Qxa1 Bxb4 14. O-O O-O 15.
Qa4 Qe7 16. Rb1 Bc5+ 17. Kh1 Nd6 18. Nc1 Nh5 19. Nb3 Bf2 20. g3 f5 21. Kg2 Qf7
22. exf5 Nxf5 23. Kxf2 Nfxg3 24. hxg3 Qxf3+ 25. Ke1 Qh1+ 26. Ke2 Nxg3+ 27. Ke3
Rf3# 0-1

[Event "AUTO-MASTER-2219"]
[Site "http://www.queenalice.com/game.php?id=1332044"]
[Date "2015.1.1"]
[Round "1"]
[White "bouley"]
[Black "toinhoxdz"]
[Result "1-0"]
[WhiteElo "2116"]
[BlackElo "2239"]

1. d4 g6 2. Nf3 Nf6 3. c4 c6 4. Nc3 Bg7 5. Bg5 O-O 6. e3 d6 7. Be2 h6 8. Bxf6
Bxf6 9. O-O Bg7 10. Qc2 Nd7 11. Rfd1 Nf6 12. e4 Nd7 13. b4 a5 14. b5 c5 15. d5
Qc7 16. a4 b6 17. Rac1 Ne5 18. Nxe5 Bxe5 19. Qd2 Kh7 20. Kh1 Bg7 21. f4 h5 22.
h4 Bb7 23. Bf3 Rae8 24. f5 Bh6 25. Qe2 Bxc1 26. Rxc1 Qd8 27. g4 1-0

[Event "AUTO-MASTER-2219"]
[Site "http://www.queenalice.com/game.php?id=1332045"]
[Date "2015.1.1"]
[Round "1"]
[White "toinhoxdz"]
[Black "bouley"]
[Result "0-1"]
[WhiteElo "2199"]
[BlackElo "2070"]

1. b3 e5 2. Bb2 Nc6 3. e3 d5 4. Bb5 Bd6 5. f4 f6 6. fxe5 fxe5 7. Nf3 Bg4 8. h3
Bh5 9. g4 Bf7 10. Bxc6+ bxc6 11. Bxe5 Bxe5 12. Nxe5 Qh4+ 13. Ke2 Ne7 14. Nxf7
Kxf7 15. Qf1+ Ke6 16. Qg2 Rhf8 17. Nc3 a6 18. Raf1 Ng6 19. Na4 Kd6 20. Qh2+ Kd7
21. Nc5+ Kc8 22. Rxf8+ Nxf8 23. Qe5 Qd8 24. Qxg7 Kb8 25. Rf1 Ka7 26. Rxf8 Qd6
27. Rxa8+ Kxa8 28. Nd7 Kb7 29. Ne5 c5 30. d4 cxd4 0-1

[Event "Challenge"]
[Site "http://www.queenalice.com/game.php?id=1355541"]
[Date "2015.4.25"]
[Round "-"]
[White "toinhoxdz"]
[Black "eddval"]
[Result "0-1"]
[WhiteElo "2158"]
[BlackElo "2260"]

1. Nf3 d5 2. d4 Bf5 3. Bf4 e6 4. e3 Bd6 5. Bxd6 Qxd6 6. Bd3 Qb4+ 7. Nbd2 Bxd3 8.
cxd3 Qxb2 9. Rb1 Qxa2 10. Rxb7 Nf6 11. Rxc7 O-O 12. Ke2 Na6 13. Rc1 Nb4 14. Ra1
Qc2 15. Qxc2 Nxc2 16. Ra4 a5 17. Nb3 Rfb8 18. Nfd2 Nd7 19. Rc1 Nb6 20. Rxa5 Nb4
21. Rxa8 Rxa8 22. Rc7 Na4 0-1

[Event "Challenge"]
[Site "http://www.queenalice.com/game.php?id=1355542"]
[Date "2015.4.25"]
[Round "-"]
[White "eddval"]
[Black "toinhoxdz"]
[Result "1-0"]
[WhiteElo "2251"]
[BlackElo "2167"]

1. e4 c6 2. d4 d5 3. Nd2 dxe4 4. Nxe4 h6 5. Bc4 Bf5 6. Ng3 Bh7 7. Nf3 e6 8. O-O
Nf6 9. Re1 Bd6 10. Qe2 Bxg3 11. hxg3 O-O 12. c3 Nbd7 13. Ne5 Bf5 14. f3 Nxe5 15.
dxe5 Nd7 16. Kh2 Qe7 17. Bd3 Bxd3 18. Qxd3 Rfd8 19. Qe2 Nf8 20. Be3 Rd7 21. Rad1
Rd5 22. f4 b6 23. c4 1-0

[Event "Challenge"]
[Site "http://www.queenalice.com/game.php?id=1366221"]
[Date "2015.6.18"]
[Round "-"]
[White "JoseMessias"]
[Black "toinhoxdz"]
[Result "1-0"]
[WhiteElo "1674"]
[BlackElo "2149"]

1. Nf3 Nf6 2. Nc3 d5 3. d4 c6 4. Ng5 h6 5. e3 hxg5 6. h3 Nbd7 7. b4 e5 8. dxe5
Bxb4 9. exf6 Nxf6 10. a3 Bxc3+ 11. Bd2 Bxa1 12. Qxa1 Kf8 13. g4 Nxg4 14. Bc3 f6
15. Bb4+ Kf7 16. Be2 Ne5 17. f4 gxf4 18. exf4 Ng6 19. Rf1 1-0